| 000 | 00716nam a2200229 i 4500 | ||
|---|---|---|---|
| 003 | DO-SdBNP | ||
| 005 | 20250226074121.0 | ||
| 007 | ta | ||
| 008 | 250226t198u dr 000 0 spa d | ||
| 040 |
_aDO-SdBNP _bspa _cBNPHU _erda |
||
| 082 |
_axxxx _bB456 _222 |
||
| 100 | 1 |
_aBenavente, Jacinto, _d1866-1954 _eautor _4aut. _95362 |
|
| 245 | 1 | 3 |
_aEl príncipe que todo lo aprendió en los libros / _cJacinto Benavente |
| 264 |
_aSanto Domingo : _b[editor no identificado], _c[198-]. |
||
| 300 |
_a80 páginas _c18 cm. |
||
| 336 |
_atexto _btxt _2rdacontent |
||
| 337 |
_asin mediación _bn _2rdamedia |
||
| 338 |
_avolumen _bnc _2rdacarrier |
||
| 590 | _aInventariado, 2025/ YL | ||
| 910 | _aYLockward | ||
| 942 |
_2ddc _cLBS1 |
||
| 999 |
_c58240 _d58240 |
||